[Event "CRO-chT3 West"]
[Site "Croatia"]
[Date "2010.03.27"]
[Round "1.55"]
[White "Baljak, Jadranko"]
[Black "Kuburic, Marko"]
[Result "1/2-1/2"]
[WhiteElo "1915"]
[BlackElo "1588"]
[PlyCount "41"]
[EventDate "2010.03.27"]
[EventType "team-tourn"]
[EventRounds "9"]
[EventCountry "CRO"]
[SourceTitle "EXT 2012"]
[Source "ChessBase"]
[SourceDate "2011.11.24"]
[SourceVersion "1"]
[SourceVersionDate "2011.11.24"]
[SourceQuality "1"]

1. c4 c5 2. Nf3 Nc6 3. Nc3 Nf6 4. d4 cxd4 5. Nxd4 Nxd4 6. Qxd4 d6 7. e4 e5 8. Qd3 h6 9. Be2 Be7 10. 0-0 0-0 11. f3 Nh7 12. Be3 f5 13. Rad1 f4 14. Bf2 Rf6 15. c5 Rg6 16. Kh1 Bh4 17. Bxh4 Qxh4 18. cxd6 Qg5 19. Rg1 Nf6 20. Nd5 Nh5 21. h3 1/2-1/2

[Event "CRO-chT2a"]
[Site "Croatia"]
[Date "2009.10.04"]
[Round "8"]
[White "Kuburic, Marko"]
[Black "Milevoj, Cedomir"]
[Result "1-0"]
[WhiteElo "1568"]
[BlackElo "1948"]
[PlyCount "65"]
[EventDate "2009.04.04"]
[EventType "team-tourn"]
[EventRounds "9"]
[EventCountry "CRO"]
[SourceTitle "EXT 2011"]
[Source "ChessBase"]
[SourceDate "2010.11.26"]
[SourceVersion "1"]
[SourceVersionDate "2010.11.26"]
[SourceQuality "1"]

1. c4 Nf6 2. Nc3 g6 3. g3 Bg7 4. Bg2 0-0 5. d4 d6 6. e4 Nbd7 7. Nge2 e5 8. d5 Ng4 9. h3 Nh6 10. g4 f5 11. g5 Nf7 12. h4 f4 13. Bf3 a5 14. Na4 Re8 15. Nec3 Nf8 16. Qe2 Bd7 17. Bd2 c6 18. Bg4 Qc7 19. Bxd7 Nxd7 20. Rg1 Bf8 21. 0-0-0 b5 22. dxc6 bxa4 23. cxd7 Qxd7 24. Nd5 Be7 25. Nb6 Qc6 26. Nxa8 Rxa8 27. Bc3 a3 28. Rd2 Nd8 29. Qd3 axb2+ 30. Rxb2 a4 31. Qd5+ Kf8 32. Qxc6 Nxc6 33. Rd1 1-0